000 00618nam a2200241Ia 4500
003 OSt
005 20220918204253.0
006 a|||||r|||| 00| 0
007 ta
008 220917b |||||||| |||| 00| 0 eng d
024 _a111,828
037 _cTextual
040 _aARTS
_cARTS
_beng
041 _2eng
_aeng
082 _aV52.C, H8 (=)
100 _aCowell F R
_996248
245 0 _aCicero and the Roman republic
260 _aLondon
_bPenguin Books
_c1948
300 _axvii,398p.
_ccm.
650 _aHISTORY
942 _hV52.C, H8 (=)
_cTEXL
_2CC
999 _c235177
_d235177